Himalayan gazetteer (Record no. 14796)
[ view plain ]
| 000 -LEADER | |
|---|---|
| fixed length control field | 00514nam a2200133Ia 4500 |
| 082 ## - DEWEY DECIMAL CLASSIFICATION NUMBER | |
| Classification number | RR 910.3095496 ATK-; |
| 100 ## - MAIN ENTRY--AUTHOR NAME | |
| Personal name | Atkinson, Edwin T. |
| 245 #0 - TITLE STATEMENT | |
| Title | Himalayan gazetteer |
| 260 ## - PUBLICATION, DISTRIBUTION, ETC. (IMPRINT) | |
| Place of publication | Delhi |
| Name of publisher | Cosmo Publications |
| Year of publication | 1973 |
| 300 ## - PHYSICAL DESCRIPTION | |
| Number of Pages | 3v. |
| 500 ## - GENERAL NOTE | |
| General note | Contents: Vol.1.pt.1.(ix,402p.) - v.1.pt.2.(403-946p.) - v.2.pt.1.(xvi,496p.) - v.2.pt.1.(xvi,496p.) - v.2.pt.2.(497-964p.) - v.2.pt.2(497-964p.) - v.3.pt.1.(xii,376p.) - v.3.pt.2.(ix,377-721p.) |
| 650 ## - SUBJECT ADDED ENTRY--TOPICAL TERM | |
| Topical Term | Himalaya Mountains - Gazetteers |
| 942 ## - ADDED ENTRY ELEMENTS (KOHA) | |
| Koha item type | Books |
| Source of classification or shelving scheme | Dewey Decimal Classification |
| Withdrawn status | Lost status | Damaged status | Not for loan | Home library | Current library | Date acquired | Serial Enumeration / chronology | Full call number | Accession Number | Price effective from | Koha item type |
|---|---|---|---|---|---|---|---|---|---|---|---|
| NASSDOC Library | NASSDOC Library | 08/06/2004 | V.1 (PT.1) | RR 910.3095496 ATK-; | 5514 | 18/04/2019 | Books | ||||
| NASSDOC Library | NASSDOC Library | 08/06/2004 | V.1 (PT.2) | RR 910.3095496 ATK-; | 5515 | 18/04/2019 | Books | ||||
| NASSDOC Library | NASSDOC Library | 08/06/2004 | V.3 (PT.1) | RR 910.3095496 ATK-; | 5579 | 18/04/2019 | Books | ||||
| NASSDOC Library | NASSDOC Library | 08/06/2004 | V.3 (PT.2) | RR 910.3095496 ATK-; | 5580 | 18/04/2019 | Books | ||||
| NASSDOC Library | NASSDOC Library | 08/06/2004 | V.2 (PT.1) | RR 910.3095496 ATK-; | 5854 | 18/04/2019 | Books | ||||
| NASSDOC Library | NASSDOC Library | 08/06/2004 | V.2 (PT.2) | RR 910.3095496 ATK-; | 5855 | 18/04/2019 | Books | ||||
| NASSDOC Library | NASSDOC Library | 08/06/2004 | V.2 (PT.1) | RR 910.3095496 ATK-; | 6276 | 18/04/2019 | Books | ||||
| NASSDOC Library | NASSDOC Library | 08/06/2004 | V.2 (PT.2) | RR 910.3095496 ATK-; | 6277 | 18/04/2019 | Books |
